[Event "ISL-chT2 1819"]
[Site "Reykjavik"]
[Date "2019.03.02"]
[Round "6.3"]
[White "Gudmundsson, Bjorgvin"]
[Black "Haraldsson, Haraldur"]
[Result "1/2-1/2"]
[WhiteElo "1936"]
[BlackElo "1958"]
[PlyCount "37"]
[EventDate "2018.11.09"]
[EventType "team-tourn"]
[EventRounds "7"]
[EventCountry "ISL"]
[SourceTitle "CBM 189 Extra"]
[Source "ChessBase"]
[SourceDate "2019.06.03"]
[SourceVersion "1"]
[SourceVersionDate "2019.06.03"]
[SourceQuality "1"]
[WhiteTeam "Skakfelag Selfoss"]
[BlackTeam "Skakfelag Akureyrar II"]
[WhiteTeamCountry "ISL"]
[BlackTeamCountry "ISL"]

1. Nf3 Nf6 2. c4 c5 3. g3 d5 4. cxd5 Nxd5 5. Bg2 Nc6 6. Nc3 Nc7 7. 0-0 e5 8. d3 Be7 9. Nd2 0-0 10. Nc4 f6 11. f4 exf4 12. Bxf4 Be6 13. Qa4 Nd5 14. Nxd5 Bxd5 15. Bxd5+ Qxd5 16. Ne3 Qe6 17. Qc4 Kf7 18. Rac1 Nd4 19. Rf2 1/2-1/2

[Event "Kragero op"]
[Site "Kragero"]
[Date "2019.02.23"]
[Round "6"]
[White "Gudmundsson, Bjorgvin"]
[Black "Gonzalez, Francisco Silva"]
[Result "0-1"]
[WhiteElo "1941"]
[BlackElo "2142"]
[PlyCount "124"]
[EventDate "2019.02.20"]
[EventType "swiss"]
[EventRounds "9"]
[EventCountry "NOR"]
[SourceTitle "CBM 189 Extra"]
[Source "ChessBase"]
[SourceDate "2019.06.03"]
[SourceVersion "1"]
[SourceVersionDate "2019.06.03"]
[SourceQuality "1"]

1. d4 Nf6 2. Nf3 d5 3. c4 e6 4. Nc3 c6 5. e3 Nbd7 6. Qc2 Bd6 7. Bd3 0-0 8. 0-0 Qe7 9. e4 dxc4 10. Bxc4 e5 11. Be2 Re8 12. a4 h6 13. dxe5 Nxe5 14. h3 Nxf3+ 15. Bxf3 Qe5 16. g3 Bxh3 17. Re1 g5 18. Nd1 Nd7 19. Ne3 Bb4 20. Rd1 Rad8 21. Nf5 Bxf5 22. exf5 Bc5 23. Kf1 Bd4 24. Bd2 Qf6 25. Be1 Ne5 26. Bg2 b6 27. Rxd4 Rxd4 28. Bc3 c5 29. Re1 Red8 30. Bxd4 Rxd4 31. Be4 Qd6 32. Re2 Kg7 33. Kg2 Rd1 34. Qb3 g4 35. Qc3 f6 36. Qb3 c4 37. Qb5 h5 38. Qe8 Nf7 39. Bc6 Qd8 40. Qe6 Rd4 41. Qe3 Ne5 42. Be4 Qd6 43. Qc3 a6 44. Qe3 Qc5 45. Qc1 Qd6 46. Qh1 Kh6 47. Qc1+ Kg7 48. Qh1 Rxe4 49. Rxe4 Qd5 50. Qe1 Nd3 51. Qe2 Nc5 52. f3 gxf3+ 53. Kxf3 b5 54. axb5 axb5 55. Kf4 Qxe4+ 56. Qxe4 Nxe4 57. Kxe4 Kh6 58. Kd4 Kg5 59. Kc5 Kg4 60. Kxb5 Kxg3 61. Kxc4 h4 62. Kd5 h3 0-1

[Event "Kragero op"]
[Site "Kragero"]
[Date "2019.02.22"]
[Round "5"]
[White "Gudmundsson, Bjorgvin"]
[Black "Lund, Gunnar"]
[Result "0-1"]
[WhiteElo "1941"]
[BlackElo "2211"]
[PlyCount "80"]
[EventDate "2019.02.20"]
[EventType "swiss"]
[EventRounds "9"]
[EventCountry "NOR"]
[SourceTitle "CBM 189 Extra"]
[Source "ChessBase"]
[SourceDate "2019.06.03"]
[SourceVersion "1"]
[SourceVersionDate "2019.06.03"]
[SourceQuality "1"]

1. d4 d6 2. Nf3 g6 3. c4 Bg7 4. Nc3 Nd7 5. b3 e5 6. e3 Ne7 7. Be2 0-0 8. dxe5 dxe5 9. Bb2 b6 10. 0-0 Bb7 11. Qc2 Qc8 12. Rad1 Re8 13. Rd2 Nf5 14. Rfd1 Nf8 15. Ne4 c5 16. g4 Nxe3 17. fxe3 Qxg4+ 18. Kf2 Qxe4 19. Qxe4 Bxe4 20. Ng5 Bb7 21. Rd6 f6 22. Nf3 Kf7 23. b4 cxb4 24. c5 bxc5 25. Bb5 Reb8 26. e4 Kg8 27. Bxe5 fxe5 28. Bc4+ Kh8 29. Ng5 h6 30. Nf7+ Kh7 31. R1d3 Bc8 32. Bd5 c4 33. Rg3 Be6 34. Bxe6 Nxe6 35. Rxe6 g5 36. Nxh6 Rb6 37. Re7 Kxh6 38. h4 Bf6 39. hxg5+ Bxg5 40. Rxe5 Bh4 0-1

[Event "Reykjavik op"]
[Site "Reykjavik"]
[Date "2018.03.07"]
[Round "2"]
[White "Johannsson, Orn Leo"]
[Black "Gudmundsson, Bjorgvin"]
[Result "1-0"]
[WhiteElo "2206"]
[BlackElo "1949"]
[PlyCount "68"]
[EventDate "2018.03.06"]
[EventType "swiss"]
[EventRounds "9"]
[EventCountry "ISL"]
[SourceTitle "CBM 183 Extra"]
[Source "ChessBase"]
[SourceDate "2018.04.19"]
[SourceVersion "1"]
[SourceVersionDate "2018.04.19"]
[SourceQuality "1"]

1. e4 c6 2. d3 d5 3. Nd2 e5 4. Ngf3 Bd6 5. Be2 Ne7 6. 0-0 0-0 7. Re1 f5 8. c3 Kh8 9. Bf1 Ng6 10. Qb3 fxe4 11. dxe4 Bc5 12. c4 dxc4 13. Nxc4 b5 14. Ne3 Qe7 15. Qc2 a6 16. Nf5 Qa7 17. Be3 Bxe3 18. Rxe3 Nd7 19. Rc3 Nf6 20. Nd6 Bd7 21. Rd1 Ne8 22. Ng5 h6 23. Ngf7+ Kh7 24. Rg3 Nxd6 25. Nxd6 Rf6 26. b4 Raf8 27. Rd2 Nf4 28. Qc5 Qxc5 29. bxc5 Be6 30. Ra3 Ra8 31. Ra5 Bc8 32. g3 Ne6 33. Bh3 Nd4 34. Rxd4 Bxh3 1-0

[Event "ISL-chT2 1718"]
[Site "Reykjavik"]
[Date "2018.03.02"]
[Round "5.3"]
[White "Gudmundsson, Bjorgvin"]
[Black "Torfason, Jon"]
[Result "0-1"]
[WhiteElo "1971"]
[BlackElo "2257"]
[PlyCount "80"]
[EventDate "2017.10.20"]
[EventType "team-tourn"]
[EventRounds "7"]
[EventCountry "ISL"]
[SourceTitle "EXT 2019"]
[Source "ChessBase"]
[SourceDate "2018.10.10"]
[SourceVersion "1"]
[SourceVersionDate "2018.10.10"]
[SourceQuality "1"]
[WhiteTeam "Selfoss"]
[BlackTeam "Vinaskakfelagid"]
[WhiteTeamCountry "ISL"]
[BlackTeamCountry "ISL"]

1. d4 Nf6 2. Nf3 e6 3. c4 Bb4+ 4. Bd2 Bxd2+ 5. Nbxd2 d6 6. e3 0-0 7. Be2 Nbd7 8. 0-0 Qe7 9. b4 b6 10. Qc2 e5 11. d5 Re8 12. Rfe1 a5 13. a3 Nf8 14. Nf1 Bg4 15. h3 Bxf3 16. Bxf3 Ng6 17. Ng3 e4 18. Be2 Qe5 19. Rab1 axb4 20. axb4 Ra7 21. Qb2 Rea8 22. Qxe5 Nxe5 23. Nf5 b5 24. cxb5 Nxd5 25. Rec1 Nd3 26. Rc4 g6 27. Nd4 Ra1 28. Rxa1 Rxa1+ 29. Kh2 Nxf2 30. Nc2 Rc1 31. Kg3 Nh1+ 32. Kh2 f5 33. b6 cxb6 34. Rc6 Nxe3 35. Nxe3 Rxc6 36. Kxh1 Kf7 37. Bb5 Rc1+ 38. Kh2 Ke6 39. Kg3 d5 40. Kf4 d4 0-1

[Event "ISL-chT2 1516"]
[Site "Reykjavik"]
[Date "2016.03.04"]
[Round "5.4"]
[White "Loftsson, Arnaldur"]
[Black "Gudmundsson, Bjorgvin"]
[Result "1-0"]
[WhiteElo "1994"]
[BlackElo "1946"]
[PlyCount "69"]
[EventDate "2015.09.25"]
[EventType "team-tourn"]
[EventRounds "7"]
[EventCountry "ISL"]
[SourceTitle "EXT 2017"]
[Source "ChessBase"]
[SourceDate "2016.10.25"]
[SourceVersion "1"]
[SourceVersionDate "2016.10.25"]
[SourceQuality "1"]
[WhiteTeam "Huginn III"]
[BlackTeam "Selfoss"]
[WhiteTeamCountry "ISL"]
[BlackTeamCountry "ISL"]

1. c4 Nf6 2. g3 c6 3. Bg2 d5 4. Nf3 Bf5 5. Qb3 Qb6 6. Qa4 e6 7. 0-0 Be7 8. d4 0-0 9. Nc3 h6 10. c5 Qa6 11. Qd1 b6 12. b4 Nbd7 13. h3 bxc5 14. bxc5 Ne4 15. Nxe4 Bxe4 16. Nd2 Bxg2 17. Kxg2 Bf6 18. Nb3 e5 19. e3 exd4 20. exd4 Rfe8 21. Be3 Rab8 22. Bxh6 Nf8 23. Be3 Ne6 24. Qd2 Qa4 25. g4 Rb4 26. Rad1 g6 27. f4 Ng7 28. f5 gxf5 29. gxf5 Rxe3 30. Qxe3 Qxa2+ 31. Nd2 Bxd4 32. Qe7 Rb2 33. Qd8+ Kh7 34. Qh4+ Kg8 35. Qxd4 1-0